000 00550cam a2200193 4500
008 000000n1999 000 0 eng u
020 _a1860812864
035 _a(Sirsi) u100409
041 _aENG
050 _a690
110 _aBuilding Research Establishment
245 _aAlkali-silica reaction in concrete, detailed guidance for new construction.
260 _aWatford
_bCRC Ltd
_c1999
300 _a8p. ; 30cm.
490 _aBRE Digest
_v330 Part 2
650 _aCONCRETE
690 _aBUILT ENVIRONMENT-CONSTRUCTION DESIGN
942 _n0
999 _c99694
_d99694